[Event "WchT (Women) Pool-A"]
[Site "Bydgoszcz"]
[Date "2023.09.06"]
[Round "2.2"]
[White "Moaataz, Ayah"]
[Black "Zhukova, Natalia"]
[Result "0-1"]
[WhiteElo "2059"]
[BlackElo "2310"]
[PlyCount "41"]
[EventDate "2023.09.06"]
[EventType "team (rapid)"]
[EventRounds "5"]
[EventCountry "POL"]
[SourceTitle "EXT 2024"]
[Source "ChessBase"]
[SourceDate "2023.10.10"]
[SourceVersion "1"]
[SourceVersionDate "2023.10.10"]
[SourceQuality "1"]
[WhiteTeam "Egypt (W)"]
[BlackTeam "Ukraine (W)"]
[WhiteTeamCountry "EGY"]
[BlackTeamCountry "UKR"]

1. c4 e6 2. g3 d5 3. Nf3 dxc4 4. Bg2 a6 5. a4 Nc6 6. 0-0 e5 7. b3 cxb3 8. Qxb3 Bd6 9. Bb2 Nf6 10. Na3 0-0 11. Nc4 Re8 12. Ng5 Qe7 13. f4 h6 14. Bxc6 bxc6 15. fxe5 hxg5 16. exf6 Qe6 17. fxg7 Qd5 18. Rf6 Rxe2 19. Qf3 Bc5+ 20. Ne3 Rxd2 21. Qxd5 0-1

[Event "Titled Tuesday intern op 25th Oct Late"]
[Site "Chess.com INT"]
[Date "2022.10.25"]
[Round "3"]
[White "Melikyan, Gnel"]
[Black "Moaataz, Ayah"]
[Result "1-0"]
[WhiteElo "2238"]
[BlackElo "2059"]
[PlyCount "45"]
[EventDate "2022.10.25"]
[EventType "swiss (blitz)"]
[EventRounds "11"]
[EventCountry "USA"]
[SourceTitle "EXT 2024"]
[Source "ChessBase"]
[SourceDate "2023.10.10"]
[SourceVersion "1"]
[SourceVersionDate "2023.10.10"]
[SourceQuality "1"]

1. h4 d5 2. d4 h5 3. c4 c6 4. Nc3 Nf6 5. e3 e6 6. Nf3 Bd6 7. Bd2 Nbd7 8. Qc2 Qe7 9. Bd3 a6 10. a3 0-0 11. Ng5 e5 12. 0-0-0 dxc4 13. Bxc4 b5 14. Ba2 c5 15. Nd5 Qd8 16. Nxf6+ Nxf6 17. dxe5 Bxe5 18. f4 Bxb2+ 19. Kxb2 b4 20. Bxb4 Qb6 21. Qxc5 Qxc5 22. Bxc5 Rb8+ 23. Ka1 1-0

[Event "Titled Tuesday intern op 25th Oct Late"]
[Site "Chess.com INT"]
[Date "2022.10.25"]
[Round "1"]
[White "Moaataz, Ayah"]
[Black "Atakishiyev, Elmar"]
[Result "0-1"]
[WhiteElo "2059"]
[BlackElo "2303"]
[PlyCount "104"]
[EventDate "2022.10.25"]
[EventType "swiss (blitz)"]
[EventRounds "11"]
[EventCountry "USA"]
[SourceTitle "EXT 2024"]
[Source "ChessBase"]
[SourceDate "2023.10.10"]
[SourceVersion "1"]
[SourceVersionDate "2023.10.10"]
[SourceQuality "1"]

1. c4 Nf6 2. g3 g6 3. Bg2 Bg7 4. Nf3 0-0 5. 0-0 d6 6. d4 c6 7. Nc3 Nbd7 8. b3 Re8 9. e4 e5 10. d5 Nc5 11. Qc2 a5 12. h3 Bd7 13. Ba3 Qc7 14. Rad1 h6 15. Rd2 Rad8 16. Rfd1 Bc8 17. b4 axb4 18. Bxb4 Na6 19. Qb2 Nxb4 20. Qxb4 c5 21. Qb1 Bd7 22. Rb2 Qa5 23. Rc1 Qa6 24. Rb6 Qxc4 25. Bf1 Qd4 26. Nxd4 exd4 27. Nb5 Nxe4 28. Nc7 Re5 29. f4 Re7 30. Re1 Nc3 31. Qc1 Ne4 32. Rxb7 Bc8 33. Ra7 f5 34. Nb5 Ree8 35. g4 Bf6 36. Bg2 Bh4 37. Rd1 Bf2+ 38. Kh1 Be3 39. Qc2 Nf2+ 40. Kh2 Bxf4+ 41. Kg1 Nxd1 42. Qxd1 Re3 43. Ra8 Rde8 44. Bf1 Rg3+ 45. Kf2 fxg4 46. Qa4 Rf8 47. Ke1 Re3+ 48. Kd1 gxh3 49. Bxh3 Rxh3 50. Qa5 Rh2 51. Qc7 Bg4+ 52. Ke1 Bg3# 0-1

[Event "Titled Tuesday intern op 18th Oct Early"]
[Site "Chess.com INT"]
[Date "2022.10.18"]
[Round "2"]
[White "Czernek, Tymon"]
[Black "Moaataz, Ayah"]
[Result "1-0"]
[WhiteElo "2340"]
[BlackElo "2059"]
[PlyCount "117"]
[EventDate "2022.10.18"]
[EventType "swiss (blitz)"]
[EventRounds "11"]
[EventCountry "USA"]
[SourceTitle "EXT 2024"]
[Source "ChessBase"]
[SourceDate "2023.10.10"]
[SourceVersion "1"]
[SourceVersionDate "2023.10.10"]
[SourceQuality "1"]

1. e4 c6 2. d4 d5 3. f3 e6 4. Nc3 b6 5. Bf4 Ba6 6. Bxa6 Nxa6 7. Qd3 Nc7 8. 0-0-0 Bd6 9. e5 Be7 10. g4 Bg5 11. Nge2 Bxf4+ 12. Nxf4 Qg5 13. Qd2 0-0-0 14. h4 Qe7 15. Nd3 Kb7 16. f4 h5 17. Rdg1 hxg4 18. Rxg4 g6 19. Na4 Nh6 20. Rg5 Nf5 21. Qf2 Rh6 22. Ne1 Rdh8 23. Nf3 Qb4 24. Nc3 c5 25. Ne2 Nb5 26. dxc5 bxc5 27. a3 Nxa3 28. bxa3 Qxa3+ 29. Kd2 Qb4+ 30. Kd1 Qe4 31. Rh3 Ne3+ 32. Ke1 Nxc2+ 33. Kf1 Ne3+ 34. Kg1 d4 35. Nd2 Qc2 36. Qf3+ Kc7 37. Ne4 Rb8 38. Kf2 Rb1 39. Rg1 Rxg1 40. Kxg1 Qd1+ 41. Kh2 Qf1 42. Qxf1 Nxf1+ 43. Kg2 Ne3+ 44. Kf3 Rh8 45. Nxc5 Nf5 46. Ke4 Kc6 47. Nb3 Rxh4 48. Nbxd4+ Kc5 49. Rc3+ Kb4 50. Rc7 g5 51. Rb7+ Kc4 52. Rc7+ Kb4 53. Rxf7 gxf4 54. Nxf5 exf5+ 55. Kf3 a5 56. Nxf4 Rh8 57. e6 Ra8 58. e7 a4 59. Rf8 1-0

[Event "Titled Tuesday intern op 18th Oct Late"]
[Site "Chess.com INT"]
[Date "2022.10.18"]
[Round "2"]
[White "Djokic, Mihailo"]
[Black "Moaataz, Ayah"]
[Result "1-0"]
[WhiteElo "2197"]
[BlackElo "2059"]
[PlyCount "73"]
[EventDate "2022.10.18"]
[EventType "swiss (blitz)"]
[EventRounds "11"]
[EventCountry "USA"]
[SourceTitle "EXT 2024"]
[Source "ChessBase"]
[SourceDate "2023.10.10"]
[SourceVersion "1"]
[SourceVersionDate "2023.10.10"]
[SourceQuality "1"]

1. e4 c6 2. d4 d5 3. e5 Bf5 4. h4 h5 5. Bg5 Qb6 6. Bd3 Bxd3 7. Qxd3 e6 8. Nd2 Be7 9. Bxe7 Nxe7 10. c4 Nf5 11. Ne2 Nd7 12. b3 Qd8 13. g3 Qe7 14. 0-0 0-0 15. Rfc1 g6 16. Rc3 Rfe8 17. Rac1 Rad8 18. cxd5 exd5 19. Nf4 Nf8 20. Nf3 Qb4 21. Nxh5 Re6 22. Nf6+ Kg7 23. Ng5 Rxf6 24. exf6+ Kxf6 25. a3 Qxd4 26. Qf3 Kg7 27. Re1 Nd7 28. g4 Ne5 29. Rxe5 Qxe5 30. gxf5 gxf5 31. Re3 Qa1+ 32. Kg2 Qf6 33. Qf4 d4 34. Rg3 Kh8 35. Nxf7+ Qxf7 36. Qh6+ Qh7 37. Qf6+ 1-0

[Event "Titled Tuesday intern op 18th Oct Early"]
[Site "Chess.com INT"]
[Date "2022.10.18"]
[Round "1"]
[White "Moaataz, Ayah"]
[Black "Kosteniuk, Alexandra"]
[Result "0-1"]
[WhiteElo "2059"]
[BlackElo "2521"]
[PlyCount "76"]
[EventDate "2022.10.18"]
[EventType "swiss (blitz)"]
[EventRounds "11"]
[EventCountry "USA"]
[SourceTitle "EXT 2024"]
[Source "ChessBase"]
[SourceDate "2023.10.10"]
[SourceVersion "1"]
[SourceVersionDate "2023.10.10"]
[SourceQuality "1"]

1. c4 c6 2. g3 d5 3. Bg2 dxc4 4. Nf3 Nf6 5. 0-0 g6 6. Qc2 Bg7 7. Qxc4 0-0 8. d4 h6 9. Nc3 Be6 10. Qd3 Nbd7 11. Rd1 Qc8 12. Bf4 Nb6 13. b3 Rd8 14. Qc2 Bh3 15. Rac1 Nbd5 16. Bd2 Bxg2 17. Kxg2 Qe6 18. Nxd5 Rxd5 19. e3 Ne4 20. h4 Rad8 21. Be1 f5 22. Nd2 Nxd2 23. Rxd2 c5 24. dxc5 Rxd2 25. Bxd2 Qd5+ 26. Kg1 Qxd2 27. Qc4+ Kh7 28. b4 Qb2 29. Rc2 Rd1+ 30. Kg2 Qa1 31. Qf7 Rg1+ 32. Kf3 Qd1+ 33. Re2 Re1 34. Qc4 g5 35. hxg5 hxg5 36. e4 g4+ 37. Ke3 Rxe2+ 38. Qxe2 Bd4+ 0-1

[Event "Titled Tuesday intern op 18th Oct Late"]
[Site "Chess.com INT"]
[Date "2022.10.18"]
[Round "1"]
[White "Moaataz, Ayah"]
[Black "Lizak, Peter"]
[Result "0-1"]
[WhiteElo "2059"]
[BlackElo "2400"]
[PlyCount "98"]
[EventDate "2022.10.18"]
[EventType "swiss (blitz)"]
[EventRounds "11"]
[EventCountry "USA"]
[SourceTitle "EXT 2024"]
[Source "ChessBase"]
[SourceDate "2023.10.10"]
[SourceVersion "1"]
[SourceVersionDate "2023.10.10"]
[SourceQuality "1"]

1. c4 b6 2. g3 Bb7 3. Nf3 Nf6 4. Bg2 g6 5. 0-0 Bg7 6. d4 0-0 7. Nc3 Ne4 8. Qc2 Nxc3 9. Qxc3 c5 10. e3 Be4 11. b3 Nc6 12. Qd2 Bxf3 13. Bxf3 cxd4 14. Bb2 dxe3 15. fxe3 Bxb2 16. Qxb2 Qc7 17. Bd5 Rad8 18. Rf2 Qe5 19. Raf1 Qxb2 20. Rxb2 Ne5 21. Rd1 Kg7 22. h3 d6 23. Rbd2 Rc8 24. Kf2 Rc5 25. Be4 Rfc8 26. Bd5 b5 27. cxb5 Rxb5 28. Ke2 Rbc5 29. Rf1 a5 30. a4 Rc3 31. Rf4 e6 32. Bb7 Rb8 33. Ba6 d5 34. Bb5 Rxb3 35. Rc2 Rb7 36. e4 d4 37. Kf2 R3xb5 38. axb5 Nd3+ 39. Ke2 Nxf4+ 40. gxf4 Rxb5 41. Kd3 a4 42. Kxd4 a3 43. h4 Rb4+ 44. Kd3 Ra4 45. Ra2 Kh6 46. Ke3 Kh5 47. Kf3 f6 48. e5 fxe5 49. fxe5 Kxh4 0-1

[Event "Titled Tuesday intern op 18th Oct Late"]
[Site "Chess.com INT"]
[Date "2022.10.18"]
[Round "11"]
[White "Moaataz, Ayah"]
[Black "Winterberg, Lukas"]
[Result "1-0"]
[WhiteElo "2059"]
[BlackElo "2394"]
[PlyCount "63"]
[EventDate "2022.10.18"]
[EventType "swiss (blitz)"]
[EventRounds "11"]
[EventCountry "USA"]
[SourceTitle "EXT 2024"]
[Source "ChessBase"]
[SourceDate "2023.10.10"]
[SourceVersion "1"]
[SourceVersionDate "2023.10.10"]
[SourceQuality "1"]

1. c4 e6 2. g3 d5 3. Bg2 Nf6 4. Nf3 Be7 5. 0-0 0-0 6. b3 d4 7. Bb2 c5 8. b4 Re8 9. d3 Nc6 10. bxc5 Bxc5 11. Nbd2 e5 12. Nb3 Bf8 13. a4 h6 14. a5 a6 15. Ba3 Bxa3 16. Rxa3 Bg4 17. Nfd2 Qd7 18. Nc5 Qe7 19. Ndb3 Nd7 20. Nxb7 Qxa3 21. Bxc6 Rac8 22. Bg2 Rb8 23. c5 Rec8 24. c6 Nf6 25. N3c5 e4 26. dxe4 Rxc6 27. Qxd4 Rc7 28. e5 Bxe2 29. Re1 Bb5 30. exf6 g6 31. Qf4 Rbc8 32. Qxh6 1-0

[Event "Titled Tuesday intern op 27th Sep Late"]
[Site "Chess.com INT"]
[Date "2022.09.27"]
[Round "6"]
[White "Crevatin, Leo"]
[Black "Moaataz, Ayah"]
[Result "0-1"]
[WhiteElo "2312"]
[BlackElo "2059"]
[PlyCount "94"]
[EventDate "2022.09.27"]
[EventType "swiss (blitz)"]
[EventRounds "11"]
[EventCountry "USA"]
[SourceTitle "CBM 210 Extra"]
[Source "ChessBase"]
[SourceDate "2022.11.30"]
[SourceVersion "1"]
[SourceVersionDate "2022.11.30"]
[SourceQuality "1"]

1. e4 c6 2. Nf3 d5 3. Nc3 Bg4 4. h3 Bxf3 5. Qxf3 Nf6 6. Be2 e6 7. 0-0 Nbd7 8. d4 dxe4 9. Nxe4 Nxe4 10. Qxe4 Nf6 11. Qd3 Bd6 12. Bf3 Qc7 13. Rd1 0-0 14. c4 Rad8 15. Bg5 Bf4 16. Bxf6 gxf6 17. Qe4 f5 18. Qe2 Bg5 19. Rd3 Bf6 20. Rad1 Rfe8 21. Qe3 Kg7 22. Qc1 c5 23. dxc5 Qxc5 24. Rxd8 Rxd8 25. Rxd8 Bxd8 26. Bxb7 Bf6 27. b3 Bd4 28. Qf4 Be5 29. Qg5+ Kf8 30. g4 fxg4 31. Qd8+ Kg7 32. hxg4 Bf4 33. Qd3 Qe5 34. Kg2 h5 35. gxh5 Qxh5 36. Bf3 Qg5+ 37. Kf1 Qf6 38. a4 Qa1+ 39. Kg2 Be5 40. c5 Qc1 41. c6 Qf4 42. Qc2 a5 43. Qc5 Bc7 44. Qc3+ f6 45. Be2 Qh2+ 46. Kf3 Qh3+ 47. Ke4 Qxc3 0-1

[Event "Titled Tuesday intern op 27th Sep Late"]
[Site "Chess.com INT"]
[Date "2022.09.27"]
[Round "2"]
[White "Goltsev, Dmitry"]
[Black "Moaataz, Ayah"]
[Result "1-0"]
[WhiteElo "2232"]
[BlackElo "2059"]
[PlyCount "73"]
[EventDate "2022.09.27"]
[EventType "swiss (blitz)"]
[EventRounds "11"]
[EventCountry "USA"]
[SourceTitle "CBM 210 Extra"]
[Source "ChessBase"]
[SourceDate "2022.11.30"]
[SourceVersion "1"]
[SourceVersionDate "2022.11.30"]
[SourceQuality "1"]

1. e4 c6 2. d4 d5 3. Nc3 dxe4 4. Nxe4 Bf5 5. Ng3 Bg6 6. Nh3 e6 7. Nf4 Bd6 8. h4 Qc7 9. Nfh5 Bxh5 10. Nxh5 g6 11. Ng3 Bxg3 12. fxg3 Qxg3+ 13. Ke2 Nf6 14. Rh3 Qd6 15. Qd3 Nbd7 16. Rf3 0-0-0 17. Bg5 Qe7 18. Qa3 Qxa3 19. bxa3 Nd5 20. Bxd8 Kxd8 21. Rxf7 Rf8 22. Rxf8+ Nxf8 23. g3 Nd7 24. Bh3 Ke7 25. Kd3 c5 26. c4 Nc7 27. Rb1 b6 28. a4 Kd6 29. a5 cxd4 30. Kxd4 e5+ 31. Kc3 Nc5 32. axb6 Na4+ 33. Kb4 axb6 34. Kxa4 Kc5 35. Kb3 e4 36. Kc3 e3 37. Re1 1-0

[Event "Titled Tuesday intern op 27th Sep Early"]
[Site "Chess.com INT"]
[Date "2022.09.27"]
[Round "5"]
[White "Moaataz, Ayah"]
[Black "Mitrovic, Darko R"]
[Result "1-0"]
[WhiteElo "2059"]
[BlackElo "2223"]
[PlyCount "85"]
[EventDate "2022.09.27"]
[EventType "swiss (blitz)"]
[EventRounds "11"]
[EventCountry "USA"]
[SourceTitle "CBM 210 Extra"]
[Source "ChessBase"]
[SourceDate "2022.11.30"]
[SourceVersion "1"]
[SourceVersionDate "2022.11.30"]
[SourceQuality "1"]

1. c4 e5 2. g3 Nf6 3. Bg2 d5 4. cxd5 Nxd5 5. Nc3 Nb6 6. Nf3 Bd6 7. d4 exd4 8. Nxd4 0-0 9. 0-0 c6 10. Qb3 Bxg3 11. hxg3 Qxd4 12. Be3 Qf6 13. Ne4 Qe6 14. Bxb6 axb6 15. Qxb6 Nd7 16. Qc7 Qe5 17. Qxe5 Nxe5 18. Nd6 Rb8 19. b3 Be6 20. Rfd1 g6 21. Rd4 Rfd8 22. Rad1 Rd7 23. Ne4 Rbd8 24. Nf6+ Kg7 25. Nxd7 Rxd7 26. Rxd7 Nxd7 27. Rd4 Kf8 28. Rb4 Nc5 29. Kf1 Ke7 30. Ke1 h5 31. Rd4 Nd7 32. Kd2 c5 33. Re4 b5 34. Re3 Nb6 35. Bc6 b4 36. Be4 c4 37. Kc2 Kd6 38. Bf3 Kc5 39. Re5+ Kd6 40. Ra5 cxb3+ 41. axb3 Nd7 42. Rb5 Nc5 43. Rxb4 1-0

[Event "Titled Tuesday intern op 27th Sep Late"]
[Site "Chess.com INT"]
[Date "2022.09.27"]
[Round "9"]
[White "Moaataz, Ayah"]
[Black "Romanchuk, Viktor"]
[Result "0-1"]
[WhiteElo "2059"]
[BlackElo "2266"]
[PlyCount "136"]
[EventDate "2022.09.27"]
[EventType "swiss (blitz)"]
[EventRounds "11"]
[EventCountry "USA"]
[SourceTitle "CBM 210 Extra"]
[Source "ChessBase"]
[SourceDate "2022.11.30"]
[SourceVersion "1"]
[SourceVersionDate "2022.11.30"]
[SourceQuality "1"]

1. c4 c6 2. g3 d5 3. Bg2 Nf6 4. Nf3 Bg4 5. Ne5 Bh5 6. cxd5 Nxd5 7. g4 Bg6 8. h4 Nd7 9. Nc4 h5 10. g5 e6 11. Nc3 Nf4 12. Bf3 Qc7 13. d4 Be7 14. Bd2 0-0 15. Bxf4 Qxf4 16. e3 Qc7 17. Bxh5 Bh7 18. Bf3 Rad8 19. Be4 Bxe4 20. Nxe4 e5 21. g6 exd4 22. Qh5 fxg6 23. Qxg6 Bb4+ 24. Ke2 Nf6 25. Ng5 dxe3 26. Ne6 Qe7 27. Rhg1 Rf7 28. Nxd8 exf2+ 29. Kxf2 Qxd8 30. Ke2 Re7+ 31. Ne3 Qd2+ 32. Kf1 Qxe3 33. Kg2 Qe4+ 34. Qxe4 Rxe4 35. h5 Nxh5 36. Rad1 Re7 37. Rd8+ Kf7 38. Rf1+ Nf6 39. Rb8 Ba5 40. Rf5 Bb6 41. Rf3 Bc5 42. Rb3 b6 43. a4 Bd6 44. a5 Bxb8 45. axb6 axb6 46. Rxb6 Be5 47. Rxc6 Bxb2 48. Rb6 Be5 49. Rb3 g5 50. Rf3 Bf4 51. Kf1 Kg6 52. Rb3 Kf5 53. Rb6 Re5 54. Rb3 Ne4 55. Ra3 Ng3+ 56. Kg2 Kg4 57. Kg1 Re1+ 58. Kg2 Re2+ 59. Kg1 Be3+ 60. Rxe3 Rxe3 61. Kg2 Rf3 62. Kh2 Nf5 63. Kg1 Kf4 64. Kg2 g4 65. Kg1 g3 66. Kg2 Kg4 67. Kg1 Kh3 68. Kh1 Rf1# 0-1

[Event "Titled Tuesday intern op 27th Sep Early"]
[Site "Chess.com INT"]
[Date "2022.09.27"]
[Round "1"]
[White "Tatarinov, Dmitry"]
[Black "Moaataz, Ayah"]
[Result "0-1"]
[WhiteElo "2314"]
[BlackElo "2059"]
[PlyCount "86"]
[EventDate "2022.09.27"]
[EventType "swiss (blitz)"]
[EventRounds "11"]
[EventCountry "USA"]
[SourceTitle "CBM 210 Extra"]
[Source "ChessBase"]
[SourceDate "2022.11.30"]
[SourceVersion "1"]
[SourceVersionDate "2022.11.30"]
[SourceQuality "1"]

1. d4 d5 2. Nf3 c6 3. c4 Nf6 4. Nc3 e6 5. Bg5 Be7 6. e3 Nbd7 7. Bd3 h6 8. Bh4 0-0 9. 0-0 Re8 10. c5 b6 11. b4 a5 12. a3 Ba6 13. Bxa6 Rxa6 14. Bg3 Qa8 15. b5 cxb5 16. Nxb5 Bd8 17. cxb6 Nxb6 18. a4 Nc4 19. Ne5 Nxe5 20. Bxe5 Rc6 21. Rc1 Nd7 22. Bg3 Nb6 23. Qb3 Nc4 24. h3 Nd2 25. Qd3 Nxf1 26. Rxf1 Rc4 27. Nd6 Qc6 28. Nxc4 dxc4 29. Qc2 Be7 30. Rc1 Rc8 31. e4 c3 32. Rd1 Bb4 33. d5 exd5 34. exd5 Qc4 35. d6 Rd8 36. d7 Qe6 37. Qd3 g6 38. Bc7 c2 39. Bxd8 cxd1Q+ 40. Qxd1 Bd6 41. Bxa5 Qxd7 42. Bb4 Bh2+ 43. Kxh2 Qxd1 0-1

[Event "Arab-ch (Women)"]
[Site "Abu Dhabi"]
[Date "2021.11.27"]
[Round "3"]
[White "Moaataz, Ayah"]
[Black "Abdulzahra, Sali Abbas"]
[Result "1-0"]
[WhiteElo "2037"]
[BlackElo "1914"]
[PlyCount "59"]
[EventDate "2021.11.26"]
[EventType "swiss"]
[EventRounds "9"]
[EventCountry "UAE"]
[SourceTitle "CBM 205 Extra"]
[Source "ChessBase"]
[SourceDate "2022.01.31"]
[SourceVersion "1"]
[SourceVersionDate "2022.01.31"]
[SourceQuality "1"]

1. c4 e6 2. g3 Nf6 3. Bg2 d5 4. Nf3 Be7 5. 0-0 0-0 6. b3 b6 7. Bb2 Bb7 8. d3 c5 9. e3 Nc6 10. a3 Qc7 11. Qc2 Rfd8 12. Nc3 a6 13. Rac1 d4 14. exd4 cxd4 15. Nb5 axb5 16. cxb5 Bxa3 17. Bxa3 Rxa3 18. Qb2 Qd6 19. bxc6 Ba6 20. c7 Rc8 21. Qxd4 Nd5 22. Nd2 Qd7 23. Nc4 Rxb3 24. Bxd5 Bxc4 25. dxc4 exd5 26. cxd5 Ra3 27. Qxb6 Qxd5 28. Rcd1 Rd3 29. Qb8 Qa8 30. Qxa8 1-0

[Event "Online Olym Div Top-B"]
[Site "Chess.com INT"]
[Date "2021.09.09"]
[Round "6.2"]
[White "Moaataz, Ayah"]
[Black "Agrest, Inna"]
[Result "0-1"]
[WhiteElo "2032"]
[BlackElo "2256"]
[PlyCount "92"]
[EventDate "2021.09.08"]
[EventType "team (rapid)"]
[EventRounds "9"]
[EventCountry "USA"]
[SourceTitle "CBM 204 Extra"]
[Source "ChessBase"]
[SourceDate "2021.11.30"]
[SourceVersion "1"]
[SourceVersionDate "2021.11.30"]
[SourceQuality "1"]
[WhiteTeam "Egypt"]
[BlackTeam "Sweden"]
[WhiteTeamCountry "EGY"]
[BlackTeamCountry "SWE"]

1. c4 Nf6 2. g3 g6 3. Bg2 Bg7 4. Nc3 0-0 5. e4 d6 6. Nge2 c5 7. 0-0 Nc6 8. h3 a6 9. d3 Rb8 10. a4 Ne8 11. Be3 Nd4 12. Nd5 e6 13. Bxd4 cxd4 14. Nb4 Bd7 15. Nc2 b5 16. axb5 axb5 17. cxb5 Rxb5 18. Ncxd4 Rxb2 19. Ra7 Nf6 20. Nf3 Qb6 21. Ra3 Qb4 22. Ra7 Rb8 23. g4 Qb6 24. Ra3 Qc5 25. Rc3 Qa5 26. Rc1 h5 27. g5 Ne8 28. Ra1 Qb6 29. Nf4 Nc7 30. Rc1 Nb5 31. Nd2 Qd4 32. Rc4 Qe5 33. Ne2 Qxg5 34. f4 Qd8 35. Nf3 Qb6+ 36. Kh2 Qe3 37. Re1 Na3 38. Rc7 Rb1 39. Rc1 Bh6 40. Qd2 Qxd2 41. Nxd2 Rxc1 42. Rxc1 Rb2 43. Rd1 Ba4 44. Ra1 Rxd2 45. Rxa3 Bb5 46. Kg3 Rxe2 0-1

[Event "FIDE World Cup (Women)"]
[Site "Krasnaya Polyana"]
[Date "2021.07.14"]
[Round "1.4"]
[White "Ushenina, Anna"]
[Black "Moaataz, Ayah"]
[Result "1-0"]
[WhiteElo "2429"]
[BlackElo "2015"]
[PlyCount "75"]
[EventDate "2021.07.12"]
[EventType "k.o."]
[EventRounds "7"]
[EventCountry "RUS"]
[SourceTitle "CBM 203"]
[Source "ChessBase"]
[SourceDate "2021.08.31"]
[SourceVersion "1"]
[SourceVersionDate "2021.08.31"]
[SourceQuality "1"]

1. d4 d5 2. c4 c6 3. cxd5 cxd5 4. Bg5 Nc6 5. Nc3 Nf6 6. Bxf6 gxf6 7. e3 e6 8. Bd3 f5 9. Nf3 Bd6 10. Rc1 Bd7 11. a3 Rc8 12. 0-0 0-0 13. g3 Kh8 14. Kh1 Rg8 15. Be2 Qf6 16. b4 Qh6 17. Na4 Rce8 18. Nc5 Bc8 19. Bb5 Qh3 20. Nxb7 Bxb7 21. Bxc6 Bxc6 22. Rxc6 Bb8 23. Ng1 Qh6 24. Qe2 Qg6 25. Nf3 f4 26. exf4 Bxf4 27. Ne5 Bxe5 28. Qxe5+ f6 29. Qe3 e5 30. dxe5 Rxe5 31. Qd4 Rf8 32. Rfc1 Qe8 33. Kg2 Rf5 34. Rc7 Qe2 35. Qxa7 Qf3+ 36. Kg1 Qh5 37. Rc8 Qh6 38. Qe7 1-0